000 02014nam a2200457Ia 4500
001 ebr10589837
003 CaPaEBR
006 m u
007 cr cn|||||||||
008 120420s2012 cauab sb 001 0 eng d
010 _z 2012015230
020 _z1611321832 (hardback : alk. paper)
020 _z1611321840 (pbk. : alk. paper)
020 _z1611321859 (institutional ebook)
020 _z1611326338 (consumer ebook)
020 _z9781611321838 (hardback : alk. paper)
020 _z9781611321845 (pbk. : alk. paper)
020 _z9781611321852 (institutional ebook)
020 _z9781611326338 (consumer ebook)
040 _aCaPaEBR
_cCaPaEBR
035 _a(OCoLC)808737996
050 1 4 _aCC79.5.H85
_bU63 2012eb
245 0 0 _aUncovering identity in mortuary analysis
_h[electronic resource] :
_bcommunity-sensitive methods for identifying group affiliation in historical cemeteries /
_cMichael P. Heilen, editor.
260 _aWalnut Creek, Calif. :
_bLeft Coast Press ;
_aTuscon, Ariz. :
_bSRI Press,
_cc2012.
300 _a311 p. :
_bill., maps.
504 _aIncludes bibliographical references and index.
533 _aElectronic reproduction.
_bPalo Alto, Calif. :
_cebrary,
_d2011.
_nAvailable via World Wide Web.
_nAccess may be limited to ebrary affiliated libraries.
650 0 _aHuman remains (Archaeology)
_zArizona
_zTucson.
650 0 _aDemographic archaeology
_zArizona
_zTucson.
650 0 _aEthnoarchaeology
_zArizona
_zTucson.
650 0 _aCemeteries
_zArizona
_zTucson
_xHistory.
650 0 _aForensic anthropology
_zArizona
_zTucson.
650 0 _aForensic archaeology
_zArizona
_zTucson.
650 0 _aEthnic groups
_zArizona
_zTucson.
651 0 _aTucson (Ariz.)
_xAntiquities.
655 7 _aElectronic books.
_2local
700 1 _aHeilen, Michael.
710 2 _aStatistical Research, Inc.
710 2 _aebrary, Inc.
856 4 0 _uhttp://site.ebrary.com/lib/rucke/Doc?id=10589837
_zAn electronic book accessible through the World Wide Web; click to view
999 _c209159
_d209159